Spôsob zaraďovania zamestnancov rozpočtovej sféry do platových tried

Zaraďovanie zamestnancov rozpočtovej sféry do platových tried. Kvalifikačné predpoklady (stupeň) vzdelania a kvalifikačné požiadavky. Zaraďovanie vedúcich zamestnancov. Zaraďovanie absolventov škôl. Osobitný postup pri zaraďovaní. Charakteristiky platových tried. Katalóg pracovných činností.

Salvato in:
Dettagli Bibliografici
Autore principale: Rosenbergerová, Alžbeta
Natura: Capitolo di libro
Lingua:slovacco
Soggetti:
Tags: Aggiungi Tag
Nessun Tag, puoi essere il primo ad aggiungerne!!

MARC

LEADER 00000naa a2200000 4500
001 r039396
005 20230926083142.7
041 0 |a slo 
044 |a SK 
245 1 0 |a Spôsob zaraďovania zamestnancov rozpočtovej sféry do platových tried  |c Alžbeta Rosenbergerová 
520 |a Zaraďovanie zamestnancov rozpočtovej sféry do platových tried. Kvalifikačné predpoklady (stupeň) vzdelania a kvalifikačné požiadavky. Zaraďovanie vedúcich zamestnancov. Zaraďovanie absolventov škôl. Osobitný postup pri zaraďovaní. Charakteristiky platových tried. Katalóg pracovných činností. 
610 2 0 |a triedy kvalifikačné 
610 2 0 |a triedy tarifné 
610 2 0 |a zamestnanci 
610 2 0 |a organizácie rozpočtové 
610 2 0 |a platy 
610 2 0 |a odmeňovanie 
610 2 0 |a kvalifikácia 
100 1 |a Rosenbergerová, Alžbeta